Marriage money : the social shaping of money in marriage and banking /

The study of money as a social and cultural phenomenon. Studying marriage money. The boundaries of marriage money. The meanings of marriage money. Managing and controlling money in marriage. Banking separates multiple monies. Banking money. The gender of money.

Đã lưu trong:
Chi tiết về thư mục
Tác giả chính: Singh, Supriya 1944-
Định dạng: Sách
Ngôn ngữ:English
Được phát hành: St Leonards : Allen and Unwin, 1997.
Những chủ đề:
Các nhãn: Thêm thẻ
Không có thẻ, Là người đầu tiên thẻ bản ghi này!
Thư viện lưu trữ: Mạng thư viện Đại học Đà Nẵng
LEADER 01332cam a2200385 i 4500
001 000048126
003 7829
005 20030411142854.0
008 010315|1997 vm 000 eng
020 |a 1864483288 
040 |a IRC  |c IRC  |d IRC 
041 0 |a eng 
082 1 4 |a 332.0240655  |b SI-S 
100 1 |a Singh, Supriya  |q (Supriya S.),  |d 1944- 
245 0 0 |a Marriage money :  |b the social shaping of money in marriage and banking /  |c Supriya Singh. 
260 |a St Leonards :  |b Allen and Unwin,  |c 1997. 
300 |a x, 198 p. ;  |c 21.5cm. 
520 3 |a The study of money as a social and cultural phenomenon. Studying marriage money. The boundaries of marriage money. The meanings of marriage money. Managing and controlling money in marriage. Banking separates multiple monies. Banking money. The gender of money. 
630 0 4 |a Australia. 
630 0 4 |a Economics. 
630 0 4 |a Banks. 
630 0 4 |a Women. 
650 0 4 |a Banks and banking  |x Social aspects  |z Australia. 
650 0 4 |a Women  |z Australia  |x Finance, Personal. 
650 0 4 |a Married people  |z Australia  |x Finance, Personal. 
OWN |a DUT 
999 |a From the UDN01 
TYP |a Monograph 
TYP |a Printed language 
980 |a Mạng thư viện Đại học Đà Nẵng